| 000 | 00765cam a22002413a 4500 | ||
|---|---|---|---|
| 001 | 16424 | ||
| 003 | PGUSA | ||
| 005 | 20140828083341.0 | ||
| 008 | 050803s2005||||xxu|||||s|||||000 | eng d | ||
| 040 |
_aPGUSA _beng |
||
| 042 | _adc | ||
| 050 | 4 | _aBR | |
| 100 | 1 |
_aCoffin, Henry Sloane, _d1877-1954 |
|
| 245 | 1 | 0 |
_aSome Christian Convictions : _bA Practical Restatement in Terms of Present-Day Thinking _h[electronic resource] / _cHenry Sloane Coffin |
| 260 |
_bProject Gutenberg, _c2005 |
||
| 506 | _aPublic domain in the USA. | ||
| 516 | _aElectronic text | ||
| 653 | _aTheology, Doctrinal -- Popular works | ||
| 653 | _aChristianity -- 20th century | ||
| 830 | 0 |
_aProject Gutenberg _v16424 |
|
| 856 | 4 | 0 | _uhttp://www.gutenberg.org/ebooks/16424 |
| 942 | _cEB | ||
| 999 |
_c245679 _d245679 |
||